| 000 | 01655nam a22002417a 4500 | ||
|---|---|---|---|
| 003 | DO-SdBJH | ||
| 005 | 20230323154111.0 | ||
| 008 | 230323b |||||||| |||| 00| 0 spa d | ||
| 040 |
_aDO-SdBJH _bspa _cDO-SdBJH |
||
| 090 |
_aTG AAFFM _b01922 2021 |
||
| 100 | 1 |
_aDe los Santos Herrera, Deivy Junior _esustentante |
|
| 245 | 1 | 0 |
_aPropuesta de utilización de lo sistema aéreos pilotados a distancia (RPAS) en apoyo a las operaciones de defensas aéreas / _c Deivy Junior De los Santos Herrera, Dannel Aniel Pérez de Jesús, asesores Medina Guerrero, Francisco Acosta |
| 260 |
_aSanto Domingo Este : _bINSUDE, _c2021 |
||
| 300 | _axiii, 73 páginas | ||
| 502 | _aTrabajo de grado (Licenciatura en Ciencias Aeronáuticas) -- Instituto Superior para la Defensa (INSUDE). -- Academia Aérea Gral. De Brigada Piloto Frank Andrés Feliz Miranda, 2021. | ||
| 504 | _aIncluye referencias bibliográficas e índices | ||
| 505 | _aLos antecedentes históricos de los sistema aéreos pilotados a distancia (RPAS). antecedentes históricos de la Fuerza Aérea y de la Defensa Aérea. -- Clasificación de los drones, legislaciones que apoyan al desarrollo de las organizaciones de defensa aérea en la República Dominicana. -- Como podemos aplicar los sistema aéreos pilotados a distancia (RPAS) en apoyo a las operaciones de Defensa Aérea de la República Dominicana | ||
| 700 | 1 |
_aPérez de Jesús, Dannel Aniel _esustentante |
|
| 700 | 1 |
_aMedina Guerrero _easesor |
|
| 700 | 1 |
_a Acosta, Francisco _easesor |
|
| 830 | _aINSUDE. Academia Aérea Gral. De Brig. Pil. Frank Andrés Feliz Miranda. Tesis y disertaciones académicas | ||
| 942 |
_2CL _cT |
||
| 999 |
_c7363 _d7363 |
||